Zapojenie Slovenskej republiky do regionálnej politiky EÚ

Regionálna politika Európskej únie a princíp jej fungovania. Vyrovnávanie rozdielov medzi regiónmi a finančná solidarita v prospech menej rozvinutých regiónov. Možnosti zlepšenia situácie z prostriedkov regionálnej politiky Európskej únie.

Na minha lista:
Detalhes bibliográficos
Autor principal: Malík, Marek
Formato: Capítulo de Livro
Idioma:eslovaco
Assuntos:
Tags: Adicionar Tag
Sem tags, seja o primeiro a adicionar uma tag!

MARC

LEADER 00000nla$a2200000$$$4500
001 0120624
005 20240502072347.9
041 0 |a slo 
044 |a SK 
245 1 0 |a Zapojenie Slovenskej republiky do regionálnej politiky EÚ  |c Marek Malík 
520 |a Regionálna politika Európskej únie a princíp jej fungovania. Vyrovnávanie rozdielov medzi regiónmi a finančná solidarita v prospech menej rozvinutých regiónov. Možnosti zlepšenia situácie z prostriedkov regionálnej politiky Európskej únie. 
610 2 0 |a Európska únia 
610 2 0 |a Slovensko 
610 2 0 |a politika kohézna 
610 2 0 |a politika regionálna 
610 2 0 |a ekonomika regionálna 
610 2 0 |a euroregióny 
610 2 0 |a fond kohézny 
610 2 0 |a fondy štruktúrne 
610 2 0 |a spolupráca medzinárodná 
100 1 |a Malík, Marek